Les NRJ Music Awards d'honneur - Statistiques

Statistiques générales
  • Ce quiz a été pris 28 fois
  • Le résultat moyen est 12 sur 47
Statistiques - réponses
Année Artiste ou collectif Nationalité Nom % Correct
2010 Artiste Américaine Beyonce
68%
2012 Artiste Colombienne Shakira
68%
2008 Artiste Canadienne Céline Dion
64%
2008 Artiste Française M Pokora
56%
2022 Artiste Française Jenifer
52%
2012 et 2015 Artiste Canadienne Justin Bieber
52%
2014 Artiste Belge Stromae
52%
2017 Artiste Britannique Ed Sheeran
48%
2015 et 2018 Artiste Britannique Adele
44%
2018 Artiste Britannique Dua Lipa
44%
2003 et 2015 Artiste Française Johnny Hallyday
44%
2004 Artiste Américaine Madonna
44%
2020 Artiste Britannique Elton John
40%
2012 (honneur diamant) Artiste Française Mylène Farmer
40%
2005 et 2017 Artiste Irlandaise U2
40%
2017 et 2020 Artiste Française Indochine
36%
2009 et 2016 Artiste Britannique Coldplay
32%
2011 Artiste Française David Guetta
32%
2022 Artiste Française Renaud
32%
2015 Artiste Française Charles Aznavour
28%
2008 Artiste Australienne Kylie Minogue
28%
2013 Artiste Coréenne Psy
28%
2001 Collectif Française Les Enfoirés
24%
2016 Artiste Espagnole Enrique Iglesias
20%
2020 Artiste Congolaise Gims
20%
2008 Artiste Américaine Michael Jackson
20%
2000 Artiste Irlandaise Bono
16%
2013 Artiste Française Christophe Maé
16%
2020 Artiste Américaine Mariah Carey
16%
2012 Artiste Française Nolwenn Leroy
16%
2010 Artiste Britannique Robbie Williams
16%
2018 Artiste Britannique Muse
12%
2018 Artiste Canadiene Shawn Mendes
12%
2005 Collectif Monégasque Amade
8%
2002 Collectif Française Ensemble contre le Sida
8%
2021 Artiste Américaine Imagine Dragons
8%
2003 Artiste Britannique Phil Collins
8%
2004 Collectif Française Sol En Si
8%
2017 Artiste Canadienne The Weeknd
8%
2000 Artiste Américaine Tina Turner
8%
2006 Artiste et collectif Irlandaise Bob Geldof
4%
2016 Artiste Américaine Bruno Mars
4%
2019 Artiste Américaine Jonas Brothers
4%
2014 Artiste Américaine Lenny Kravitz
4%
2013 Artiste Française Patrick Bruel
4%
2015 Artiste Britannique Sting
4%
2002 Collectif Française Pièces Jaunes
0%
Aucun quiz correspondant
Distribution des résultats
% des personnes avec chaque résultat
Percentile par nombre de réponses
Votre historique - résultats
Vous n’avez pas pris ce quiz